The Oxford Handbook of Public Policy / (Record no. 13808)
[ view plain ]
| 000 -LEADER | |
|---|---|
| fixed length control field | 01675cam a22003734a 4500 |
| 001 - CONTROL NUMBER | |
| control field | 14221772 |
| 005 - DATE AND TIME OF LATEST TRANSACTION | |
| control field | 20061207122648.0 |
| 008 - FIXED-LENGTH DATA ELEMENTS--GENERAL INFORMATION | |
| fixed length control field | 060108r20062008enk |rb 001 0 eng |
| 010 ## - LIBRARY OF CONGRESS CONTROL NUMBER | |
| LC control number | 2006000589 |
| 020 ## - INTERNATIONAL STANDARD BOOK NUMBER | |
| International Standard Book Number | 9780199548453 |
| 035 ## - SYSTEM CONTROL NUMBER | |
| System control number | (OCoLC)ocm62878681 |
| 035 ## - SYSTEM CONTROL NUMBER | |
| System control number | (OCoLC)62878681 |
| 040 ## - CATALOGING SOURCE | |
| Original cataloging agency | DLC |
| Transcribing agency | DLC |
| Modifying agency | BAKER |
| -- | BWKUK |
| -- | YDXCP |
| -- | OCLCQ |
| -- | YDX |
| -- | COO |
| -- | DLC |
| 042 ## - AUTHENTICATION CODE | |
| Authentication code | pcc |
| 050 00 - LIBRARY OF CONGRESS CALL NUMBER | |
| Classification number | H97 |
| Item number | .O88 2006 |
| 082 00 - DEWEY DECIMAL CLASSIFICATION NUMBER | |
| Classification number | 320.6 |
| Edition number | 22 |
| Item number | PUB |
| 245 04 - TITLE STATEMENT | |
| Title | The Oxford Handbook of Public Policy / |
| Statement of responsibility, etc | Edited by Michael Moran, Martin Rein and Robert E. Goodin. |
| 246 30 - VARYING FORM OF TITLE | |
| Title proper/short title | Handbook of public policy |
| 246 30 - VARYING FORM OF TITLE | |
| Title proper/short title | Public policy |
| 260 ## - PUBLICATION, DISTRIBUTION, ETC. (IMPRINT) | |
| Place of publication, distribution, etc | Oxford ; |
| -- | New York : |
| Name of publisher, distributor, etc | Oxford University Press, 2008 |
| Date of publication, distribution, etc | 2008 |
| 300 ## - PHYSICAL DESCRIPTION | |
| Extent | xii, 983 p. ; |
| Dimensions | 26 cm. |
| 490 ## - Series Statement | |
| Series statement | The Oxford Handbooks of Political Science |
| 500 ## - GENERAL NOTE | |
| General note | Originally published: 2006; first published in paperback: 2008. |
| 504 ## - BIBLIOGRAPHY, ETC. NOTE | |
| Bibliography, etc | Includes bibliographical references and indexes. |
| 650 #0 - SUBJECT ADDED ENTRY--TOPICAL TERM | |
| Topical term or geographic name as entry element | Policy sciences. |
| 9 (RLIN) | 13225 |
| 700 1# - ADDED ENTRY--PERSONAL NAME | |
| Personal name | Moran, Michael, |
| Dates associated with a name | 1946- |
| 9 (RLIN) | 13226 |
| 700 1# - ADDED ENTRY--PERSONAL NAME | |
| Personal name | Rein, Martin, |
| Dates associated with a name | 1928- |
| 9 (RLIN) | 13227 |
| 700 1# - ADDED ENTRY--PERSONAL NAME | |
| Personal name | Goodin, Robert E. |
| 9 (RLIN) | 13228 |
| 856 41 - ELECTRONIC LOCATION AND ACCESS | |
| Materials specified | Table of contents only |
| Uniform Resource Identifier | <a href="http://www.loc.gov/catdir/toc/ecip066/2006000589.html">http://www.loc.gov/catdir/toc/ecip066/2006000589.html</a> |
| 856 42 - ELECTRONIC LOCATION AND ACCESS | |
| Materials specified | Publisher description |
| Uniform Resource Identifier | <a href="http://www.loc.gov/catdir/enhancements/fy0635/2006000589-d.html">http://www.loc.gov/catdir/enhancements/fy0635/2006000589-d.html</a> |
| 942 ## - ADDED ENTRY ELEMENTS (KOHA) | |
| Source of classification or shelving scheme | Dewey Decimal Classification |
| Item type | Reference (NB) |
| Withdrawn status | Item status | Source of classification or shelving scheme | Damaged status | Not for loan | Vendor | Home library | Current library | Shelving location | Date acquired | Source of acquisition | Cost, normal purchase price | Serial Enumeration / chronology | Total Checkouts | Full call number | Barcode | Date last seen | Koha item type |
|---|---|---|---|---|---|---|---|---|---|---|---|---|---|---|---|---|---|
| Dewey Decimal Classification | Baccah | Central Library | Central Library | Ground Floor | 28/03/2010 | 260.00 | 9836 | 320.6 PUB | 000020488 | 15/07/2025 | Reference (NB) |